Šepot nevinných /

Minulost má dlouhé prsty. ... Strhující pokračování detektivky Cínový vojáček.

Uloženo v:
Série:Izabela Gent, část 2
Hlavní autor: Šorm, Josef, 1986- (Autor)
Médium: Kniha
Jazyk:Czech
Vydáno: Praha : Kniha Zlín, 2026
Vydání:Vydání první
Témata:
Celkem bylo vypůjčeno:0x
Příbuzné jednotky:Z cyklu:: Izabela Gent
Tagy:
Žádné tagy
LEADER 01881nam a2200385 i 4500
001 106353
003 CZ PrNK
005 20260514102554.0
007 ta
008 260427s2026 xr g 000 f cze
015 |a cnb003754552 
020 |a 9788025911204  |q (vázáno) :  |c Kč 399,00 
040 |a ABG001  |b cze  |e rda 
072 7 |a 821.162.3-3  |x Česká próza  |2 Konspekt  |9 25 
080 |a 821.162.3-31  |2 MRF 
080 |a (0:82-312.4)  |2 MRF 
100 1 |a Šorm, Josef,  |d 1986-  |7 xx0242746  |4 aut  |9 117349 
245 1 0 |a Šepot nevinných /  |c Josef Šorm 
250 |a Vydání první 
264 1 |a Praha :  |b Kniha Zlín,  |c 2026 
300 |a 337 stran ;  |c 21 cm 
336 |a text  |b txt  |2 rdacontent 
337 |a bez média  |b n  |2 rdamedia 
338 |a svazek  |b nc  |2 rdacarrier 
520 2 |a Minulost má dlouhé prsty. ... Strhující pokračování detektivky Cínový vojáček.  |b Kapitánka Izabela Gent se vrací. Tentokrát čelí záhadné vraždě uprostřed malé vesnice ukryté v hlubokých hvozdech Českého lesa. Obětí je muž, kterého všichni nenáviděli, a stopy naznačují rituální pozadí zločinu. Vesnice skrývá dávné křivdy a temná tajemství, která nikdo nechce odhalit. Nic není, jak se zdá, a vánoční pohoda se rychle mění v mrazivou noční můru. Dokáže Izabela rozplést nitky klamů dřív, než ji temnota pohltí? Nakladatelská anotace. 
655 7 |a české romány  |7 fd133974  |2 czenas  |9 54031 
655 7 |a detektivní romány  |7 fd132010  |2 czenas  |9 53536 
655 9 |a Czech fiction  |2 eczenas 
655 9 |a detective novels  |2 eczenas 
710 2 |a Nakladatelství Kniha Zlin  |7 xx0231594  |4 pbl  |9 117179 
787 0 8 |i Z cyklu:  |t Izabela Gent  |g 2 
910 |a UOG502 
942 |2 ddc  |c KN 
999 |d 106353 
993 |0 0  |1 421180107074  |2 ddc  |4 0  |7 0  |9 99736  |b 0  |c 107074  |d 2026-05-14  |e 0  |f DOSP  |h 399.00  |i Koupě  |l DOSP  |r 2026-05-14  |t 6  |w 2026-05-14  |y KN  |z KRIMI  |n